000 00906cam a2200277 i 4500
001 34839690
003 OSt
005 20250428153007.0
008 960528s1996 mau b 001 0 eng
020 _a0674576101
_q(pbk.)
020 _a9780674576100 (paperback)
040 _aDLC
_beng
_erda
_cDLC
_dNUST
050 1 0 _aBD418.3 MCD
100 1 _aMcDowell, John
_eAuthor
245 1 0 _aMind and world :
_bwith a new introduction /
_cJohn McDowell.
260 _aCambridge, Massachusetts :
_bHarvard University Press,
_c1996.
300 _axxiv, 191 pages ;
_c24 cm.
336 _atext
_btxt
_2rdacontent
337 _aunmediated
_bn
_2rdamedia
338 _avolume
_bnc
_2rdacarrier
504 _aIncludes bibliographical references and index.
650 0 _vPhilosophy of mind.
650 0 _vKnowledge, Theory of.
650 0 _vConcepts.
942 _2lcc
_cBOOKS
_hBD418.3 MCD
_kBD
_mMCD
_n0
999 _c171704
_d171704